zpět

Detail výsledku týmu

Kozlovka, Hradec Králové

Datum a čas kvízu

36.5 Celkem bodů Celkový počet nahraných bodů na tomto kvízu bez doplňovacích otázek.
2. Pořadí na kvízu Konečné umístění týmu na tomto kvízu.

Zaznamenané odpovědi

# Otázka Odpověď Body Výsledky
1. Ukrajinský prezident Volodymyr... klíč od Senátu, tričko 0.5
2. Parlament jednoho evropského s... Rakousko 1
3. Na karlovarském filmovém festi... skoky do vody 1
4. Jak se nazývá nová sociální sí... Threads 1
5. V pondělí začal v Londýně nejs... tenisté nemusí mít pouze bílou barvu dresů 1
6. Prověříme váš přehled o histor... C) Mácha a Purkyně 1
7. Co si myslíte, mohl vojevůdce... ne 1
8. Seřaďte tyto světové události... 1A 2B 3D 4C 1
9. Která z těchto historických os... B 1
10. Která z následujících událostí... C 0